000 005890000a22001810004500
003 MACL
005 20160410122859.0
008 160410b xxu||||| |||| 00| 0 eng d
040 _aMACL
_cMACL
041 _aHindi
082 _a370
100 _aत्रिपाठी प्रो. मधुसूदन
_950247
245 _aभारतीय शिक्षा का विश्‍वकोश
260 _bओमेगा पब्लिकेशन्‍स
_c2009
_aनई दिल्‍ली
350 _a600
650 _aEducation
_951652
942 _cHIN
_k370
_2ddc
999 _c21895
_d21895